Statistics for Cádiz Best Scorer By Year

Click here to take the quiz!

General Stats

  • This quiz has been taken 29 times
    (15 since last reset)
  • The average score is 6 of 17

Answer Stats

Player% Correct
Álvaro Negredo
86%
José González
79%
Mágico González
79%
Anthony Lozano
50%
Theo Bongonda
43%
Gonzalo Escalante
36%
Kiko
36%
Jonathan Sesma
29%
José Manuel Mejías
29%
Lucas Lobos
21%
Arteaga
14%
Mário Tilico
14%
Armando Husillos
7%
Ibáñez Conde
7%
Luis Cabrera
7%
Mané
7%
Villa
7%

Score Distribution

Percentile by Number Answered

Percent of People with Each Score

Your Score History

You have not taken this quiz since the last reset